00476nam a2200157Ia 450000500170000000800410001708200130005810000190007124500200009026000520011030000120016250000240017494200060019895200990020499900150030320250403070137.0240331s9999 xx 000 0 und d bSRIa894 aSri Kanthan, R 0aKalach chalaram aColombobEluthaalar Kooduravu pathippagamc1994 a85 p ., aSirukadhai Thoguppu cL 001040708LaWERCLbWERCLcSSCd2024-03-31l0o 894.811 SRIp5027r2024-03-31w2024-03-31yL c4142d4142